LEADER 01634nam 2200445 450 001 000015788 005 20050718115600.0 010 $a0-444-87578-6 100 $a20030801d1984----km-y0itay0103----ba 101 0 $aeng 102 $aNL 200 1 $aTrees and hills$emethodology for maximizing functions of systems of linear relations$fRick Greer 210 $aAmsterdam [etc.]$cNorth-Holland$d1984 215 $aXIV, 352 p.$cill.$d25 cm. 225 2 $aNorth-Holland mathematics studies$v96 225 2 $aAnnals of discrete mathematics$v22 410 0$12001$aNorth-Holland mathematics studies 410 0$12001$aAnnals of discrete mathematics 606 $aFunzioni$xElaborazione dati 606 $aGrafi$xTeoria$xElaborazione dati 676 $a511.66$v(21. ed.)$9Analisi combinatoria. Massimi e minimi 691 $a05-XX$9Combinatorics 691 $a05C05$9Combinatorics. Graph theory. Trees 700 1$aGreer,$bRick$0441883 801 0$aIT$bUniversità della Basilicata - B.I.A.$gRICA$2unimarc 912 $a000015788 996 $aTrees and hills$982947 997 $aUNIBAS BAS $aMONSCI BAS $aSCIENZE CAT $aEXT003$b01$c20030801$lBAS01$h1808 CAT $aEXT003$b01$c20030801$lBAS01$h1808 CAT $aEXT003$b01$c20030801$lBAS01$h1810 CAT $c20050601$lBAS01$h1755 CAT $abatch$b01$c20050718$lBAS01$h1052 CAT $c20050718$lBAS01$h1111 CAT $c20050718$lBAS01$h1142 CAT $c20050718$lBAS01$h1156 FMT Z30 -1$lBAS01$LBAS01$mBOOK$1BASA2$APolo Tecnico-Scientifico$2GEN$BCollezione generale$3MAT$664736$5S64736$820030801$f51$FRiservati